000 00390nam a22001577a 4500
003 LK-CoDNM
005 20240813140526.0
008 240813b |||||||| |||| 00| 0 eng d
040 _aLK-CoDNM
_dLK-CoDNM
_eLK-CoDNM
080 _a10
_bV16
100 _aCodine,J
245 _aMemories Geographique sur la mer des indes
260 _bparis
_c1868
300 _a204p. ; 23 cm
942 _cBK
999 _c147425
_d147425